Người đua diều

Uloženo v:
Podrobná bibliografie
Hlavní autor: Hosseini, Khailed
Médium: Kniha
Jazyk:Undetermined
Vydáno: Hà Nội Phụ nữ 2007
Témata:
Tagy: Přidat tag
Žádné tagy, Buďte první, kdo otaguje tento záznam!
Thư viện lưu trữ: Trung tâm Học liệu Trường Đại học Cần Thơ
LEADER 00562nam a2200193Ia 4500
001 CTU_123592
008 210402s9999 xx 000 0 und d
020 |c 68000 
082 |a 813.6 
082 |b H829 
100 |a Hosseini, Khailed 
245 0 |a Người đua diều 
245 0 |c Khailed Hosseini ; Nguyễn Bản dịch 
260 |a Hà Nội 
260 |b Phụ nữ 
260 |c 2007 
650 |a Male friendship,Social classes,Afghanistan,Betrayal,Boys 
904 |i Nguyên 
980 |a Trung tâm Học liệu Trường Đại học Cần Thơ